00455nam a2200157Ia 4500008004100000020001800041082001500059100003800074245003600112250000800148260004300156300003000199500001900229600003300248650001600281240925s9999 xx 000 0 und d a9788174733078 a515.15 VER aVerma, Kanti Kumar; Kumar, Deepak 4aThe Elements of Vector Calculus a2nd aCalifornia:bWaite Group Pressc,2015. axliii, 719p.b0fOriginal aIncludes Index aHumanities & Natural Science aMathematics